Sports Quiz

Random Sports or NFL Quiz

NFL Top 10 Season Scoring 2014 Quiz Stats

Quiz not verified by Sporcle

Also try: MLB by County
Challenge
Share
Tweet
Embed
Score 0/20 Timer 10:00
0 Plays Today
Conference Team % Correct
AFCNew England Patriots
100%
AFCDenver Broncos
98.8%
AFCPittsburgh Steelers
98.8%
AFCBaltimore Ravens
98.8%
NFCNew Orleans Saints
98.8%
AFCIndianapolis Colts
97.5%
AFCCincinnati Bengals
97.5%
NFCDallas Cowboys
97.5%
NFCSeattle Seahawks
97.5%
NFCNew York Giants
97.5%
Conference Team % Correct
NFCGreen Bay Packers
97.5%
AFCHouston Texans
96.3%
NFCAtlanta Falcons
96.3%
AFCSan Diego Chargers
95.1%
NFCPhiladelphia Eagles
95.1%
NFCSt. Louis Rams
95.1%
NFCCarolina Panthers
93.8%
NFCMinnesota Vikings
93.8%
AFCMiami Dolphins
92.6%
AFCKansas City Chiefs
91.4%

You're not logged in!

Compare scores with friends on all Sporcle quizzes.
Sign Up with Email
OR
Log In

You Might Also Like...

Show Comments

Extras

Top Quizzes Today


Score Distribution

Your Account Isn't Verified!

In order to create a playlist on Sporcle, you need to verify the email address you used during registration. Go to your Sporcle Settings to finish the process.